Ophthalmology : an illustrated colour text (Record no. 33224)

MARC details
000 -LEADER
fixed length control field 00471nam a2200193Ia 4500
020 ## - INTERNATIONAL STANDARD BOOK NUMBER
ISBN 9780702075025
050 ## - CALL MARK
Classification number RE 46 .B38/
100 ## - STATEMENT OF RESPONSIBILITY--MAIN AUTHOR NAME
Personal name Batterbury, Mark
245 #0 - TITLE STATEMENT
Title Ophthalmology : an illustrated colour text
250 ## - EDITION / VOLUME STATEMENT
Edition / Volume statement 4th ed.
260 ## - PUBLICATION, DISTRIBUTION, ETC. (IMPRINT)
Place of publication New York
260 ## - PUBLICATION, DISTRIBUTION, ETC. (IMPRINT)
Name of publisher Elsevier
260 ## - PUBLICATION, DISTRIBUTION, ETC. (IMPRINT)
Year of publication 2019
300 ## - PHYSICAL DESCRIPTION
Number of Pages 128 p
650 ## - SUBJECT ADDED ENTRY--TOPICAL TERM
Topical Term Ophthalmology. Eye--Diseases.
942 ## - ADDED ENTRY ELEMENTS (KOHA)
Koha item type Books
Holdings
Withdrawn status Lost status Source of classification or shelving scheme Damaged status Not for loan Permanent Location Current Location Shelving location Date acquired Accession Number Price effective from Koha item type
    Library of Congress Classification     Asokoro Library Asokoro Library Items on shelf 04/23/2025 0193837 04/23/2025 Books